Most Played Songs Live - Bruce Springsteen - Statistics

General Stats
  • This quiz has been taken 497 times
  • The average score is 9 of 15
Answer Stats
Times Played Song % Correct
1,492 Born to Run
96%
751 Born in the U.S.A.
94%
763 Dancing in the Dark
86%
1,173 Thunder Road
81%
678 The River
76%
1,199 Badlands
71%
638 Jungleland
64%
723 Hungry Heart
63%
825 Tenth Avenue Freeze-Out
56%
815 Rosalita (Come Out Tonight)
51%
1,123 The Promised Land
47%
699 Darkness on the Edge of Town
42%
676 Prove It All Night
30%
660 Bobby Jean
26%
688 Out in the Street
20%
No matching quizzes found
Score Distribution
Percent of People with Each Score
Percentile by Number Answered
Your Score History
You have not taken this quiz